El arbitraje al derecho y al revés (Registro nro. 171988)
[ vista simple ]
| 000 -LEADER | |
|---|---|
| fixed length control field | 01407nam a22002537a 4500 |
| 007 - PHYSICAL DESCRIPTION FIXED FIELD--GENERAL INFORMATION | |
| fixed length control field | co|||| |||| |
| 008 - FIXED-LENGTH DATA ELEMENTS--GENERAL INFORMATION | |
| fixed length control field | 220818s2020 pe |||||s|||| 00||0 spa d |
| 020 ## - INTERNATIONAL STANDARD BOOK NUMBER | |
| International Standard Book Number | 9786123251154 |
| 035 ## - | |
| -- | 36886 |
| 040 ## - CATALOGING SOURCE | |
| Original cataloging agency | vLex |
| 090 ## - | |
| -- | 13752 |
| -- | 13752 |
| 100 1# - MAIN ENTRY--PERSONAL NAME | |
| Personal name | González de Cossío, Francisco |
| 245 12 - TITLE STATEMENT | |
| Title | El arbitraje al derecho y al revés |
| Medium | [Recurso electrónico] / |
| Statement of responsibility, etc | Francisco González de Cossío |
| 256 ## - | |
| -- | Servicio en línea |
| 260 ## - PUBLICATION, DISTRIBUTION, ETC. (IMPRINT) | |
| Place of publication, distribution, etc | Lima: |
| Name of publisher, distributor, etc | Palestra Editores, |
| Date of publication, distribution, etc | 2020 |
| 300 ## - PHYSICAL DESCRIPTION | |
| Extent | 1 recurso electrónico |
| 500 ## - GENERAL NOTE | |
| General note | En este primer volumen, que es parte de la Colección Litigio Arbitral, el autor abarca las principales cuestiones del arbitraje, desde una mirada acuciosa y crítica, analizando varios aspectos actuales y controvertidos de la institución arbitral, esmerándose en explicar todas las posturas que existen al respecto. Una lectura obligatoria para todas las personas interesadas en el mundo del arbitraje. |
| 506 1# - RESTRICTIONS ON ACCESS NOTE | |
| Terms governing access | Disponible solo en los productos indicados |
| Authorized users | vLex Global |
| -- | vLex Global (Academic Edition, excluding Law Schools) |
| -- | vLex Global (U.S. Academic Edition, Law Schools) |
| -- | vLex Global (U.S. Academic Edition, excluding Law Schools) |
| -- | vLex Global (Academic Edition, Law Schools) |
| 650 04 - SUBJECT ADDED ENTRY--TOPICAL TERM | |
| Topical term or geographic name as entry element | Arbitraje |
| Geographic subdivision | Perú |
| 740 0# - | |
| -- | vLex Libros (Servicio en línea) |
| 856 40 - LOCALIZACIÓN Y ACCESO ELECTRÓNICO | |
| Identificador Uniforme del Recurso (URI/URL) | https://app.vlex.com/#/sources/36886 |
| 942 ## - | |
| -- | RAA |
| 999 ## - | |
| -- | 171988 |
| -- | 171988 |
No hay ítems disponibles.